000 01365nam a22003374a 4500
001 499
003 BR-IBIA
005 20260129140858.0
008 260129s2013 bl g 000 f por
022 _a9788501092717
040 _bpor
041 1 _apor
_heng
082 0 4 _a813
_bC591c
100 _aClare, Cassandra
_d1973-
_91068
240 0 0 _aCity of Fallen Angels:
245 1 0 _aCidade dos anjos caídos/
_cCassandra Clare ; tradução de Rita Sussekind
250 _a1. ed.-
260 _aRio de Janeiro:
_bGalera Record,
_c2015.
300 _a429p. ;
500 _a
520 _aA guerra acabou e Caçadores de Sombras e integrantes do submundo parecem estar em paz. Clary está de volta a Nova York, treinando para usar seus poderes. Tudo parece bem, mas alguém está assassinando Caçadores e reacendendo as tensões entre os dois grupos, o que pode gerar uma segunda guerra sangrenta. Quando Jace começa a se afastar sem nenhuma explicação, Clary começa a desvendar um mistério que se tornará seu pior pesadelo.
650 0 0 _aLiteratura Americana
_984
650 0 0 _aRomance juvenil
_9981
650 0 0 _aMagia
_9785
650 0 0 _aConflito entre bem e mal
_91069
655 _aRomance
_923
655 _aFicção
_922
700 _aSüssekind, Rita Lagoeiro
_91070
830 _aOs instrumentos mortais;
_vv.4
_91071
942 _2ddc
_n0
_cBK
999 _c499
_d499